Biological science / (Record no. 15917)
[ view plain ]
| 000 -LEADER | |
|---|---|
| fixed length control field | 01203cam a22003254a 4500 |
| 001 - CONTROL NUMBER | |
| control field | 16002625 |
| 003 - CONTROL NUMBER IDENTIFIER | |
| control field | OSt |
| 005 - DATE AND TIME OF LATEST TRANSACTION | |
| control field | 20211029152957.0 |
| 008 - FIXED-LENGTH DATA ELEMENTS--GENERAL INFORMATION | |
| fixed length control field | 091201s2011 maua 001 0 eng |
| 010 ## - LIBRARY OF CONGRESS CONTROL NUMBER | |
| LC control number | 2009047825 |
| 020 ## - INTERNATIONAL STANDARD BOOK NUMBER | |
| International Standard Book Number | 9780321598202 (student ed.) |
| 020 ## - INTERNATIONAL STANDARD BOOK NUMBER | |
| International Standard Book Number | 9780321598196 (professional copy) |
| 020 ## - INTERNATIONAL STANDARD BOOK NUMBER | |
| International Standard Book Number | 9780321613479 (v. 1 : the cell, genetics, and development) |
| 020 ## - INTERNATIONAL STANDARD BOOK NUMBER | |
| International Standard Book Number | 9780321605306 (v. 2 : evolution, diversity, and ecology) |
| 020 ## - INTERNATIONAL STANDARD BOOK NUMBER | |
| International Standard Book Number | 9780321576767 (v. 3 : how plants and animals work) |
| 040 ## - CATALOGING SOURCE | |
| Original cataloging agency | DLC |
| Transcribing agency | HU |
| Modifying agency | DLC |
| 050 00 - LIBRARY OF CONGRESS CALL NUMBER | |
| Classification number | QH308.2 |
| Item number | .F73 2011 |
| 082 00 - DEWEY DECIMAL CLASSIFICATION NUMBER | |
| Classification number | 570 |
| Edition number | 22 |
| 100 1# - MAIN ENTRY--PERSONAL NAME | |
| Personal name | Freeman, Scott, |
| Dates associated with a name | 1955- |
| 9 (RLIN) | 11560 |
| 245 10 - TITLE STATEMENT | |
| Title | Biological science / |
| Statement of responsibility, etc. | Scott Freeman. |
| 250 ## - EDITION STATEMENT | |
| Edition statement | 4th ed. |
| 260 ## - PUBLICATION, DISTRIBUTION, ETC. | |
| Place of publication, distribution, etc. | Boston : |
| Name of publisher, distributor, etc. | Benjamin Cummings, |
| Date of publication, distribution, etc. | c2011. |
| 300 ## - PHYSICAL DESCRIPTION | |
| Extent | 1 v. (various pagings) : |
| Other physical details | col. ill. ; |
| Dimensions | 29 cm. |
| 500 ## - GENERAL NOTE | |
| General note | Includes index. |
| 650 #0 - SUBJECT ADDED ENTRY--TOPICAL TERM | |
| Topical term or geographic name entry element | Biology |
| Form subdivision | Textbooks. |
| 9 (RLIN) | 7824 |
| 906 ## - LOCAL DATA ELEMENT F, LDF (RLIN) | |
| a | 7 |
| b | cbc |
| c | orignew |
| d | 1 |
| e | ecip |
| f | 20 |
| g | y-gencatlg |
| 942 ## - ADDED ENTRY ELEMENTS (KOHA) | |
| Source of classification or shelving scheme | Dewey Decimal Classification |
| Koha item type | Books like text book referance book |
| Suppress in OPAC | No |
| Withdrawn status | Lost status | Source of classification or shelving scheme | Damaged status | Not for loan | Collection code | Home library | Current library | Shelving location | Date acquired | Total Checkouts | Full call number | Barcode | Date last seen | Copy number | Price effective from | Koha item type |
|---|---|---|---|---|---|---|---|---|---|---|---|---|---|---|---|---|
| Dewey Decimal Classification | Reference | Wondo Genet Library | Wondo Genet Library | General Stacks | 10/29/2021 | 570 FRE 2011 | WGCFNRL00006072 | 10/29/2021 | 1 | 10/29/2021 | Books like text book referance book | |||||
| Dewey Decimal Classification | Reference | Wondo Genet Library | Wondo Genet Library | General Stacks | 10/29/2021 | 570 FRE 2011 | WGCFNRL00006073 | 10/29/2021 | 2 | 10/29/2021 | Books like text book referance book |